📖 150 premiers mots "Le métier d'homme" A. Jollien N°2 Avant-propos - Statistiques

Statistiques générales
  • Ce quiz a Ă©tĂ© pris 14 fois
  • Le rĂ©sultat moyen est 67 sur 150
Statistiques - réponses
Mots % Correct
çà
100%
et
100%
J'
100%
l'
100%
L'
100%
la
100%
lĂ 
100%
m'
100%
une
100%
Ă 
92%
d'
92%
de
92%
des
92%
le
92%
les
92%
qui
92%
en
83%
Je
83%
ma
83%
Ma
83%
me
83%
mes
83%
ne
83%
pour
83%
suis
83%
au
75%
dans
75%
Dans
75%
du
75%
ĂŞtre.
75%
pas
75%
homme,
67%
leur
67%
nous
67%
on
67%
'on
67%
plus
67%
sa
67%
tout
67%
cette
58%
peau.
58%
Peut-
58%
aux
50%
avec
50%
devient...'
42%
naît
42%
sans
42%
vie,
42%
monde,
25%
sauver
25%
va
25%
aimerais
17%
celles
17%
expérience
17%
jusque
17%
ont
17%
philosophes
17%
Pourquoi ?
17%
auteur
8%
gestes
8%
handicapé.
8%
place
8%
porte
8%
précédés
8%
quotidien
8%
voilĂ 
8%
abrupts
0%
armer.
0%
assumer
0%
bâtir
0%
besoins -
0%
cependant
0%
chaloupée,
0%
chef
0%
condition
0%
défi
0%
Démarche
0%
difficultés
0%
drĂ´le
0%
échecs,
0%
'Éloge
0%
emprunter
0%
exhaustivité
0%
exigence
0%
folie',
0%
Folie
0%
gré
0%
hésitante ;
0%
implacable :
0%
infimes,
0%
infirme.
0%
interrogations
0%
invite
0%
lesquelles
0%
marginalité ...
0%
mettre
0%
mouvements
0%
oblige
0%
œuvre
0%
orchestre
0%
outils.
0%
portrait
0%
prétentieuse ?
0%
projet ?
0%
prospecter
0%
quĂŞte,
0%
relever
0%
rendre
0%
Revers
0%
Risible
0%
risquer
0%
rythme :
0%
singularité,
0%
sort,
0%
souci
0%
tâtons
0%
unir
0%
visite -
0%
voix,
0%
voix
0%
Aucun quiz correspondant
Distribution des résultats
% des personnes avec chaque résultat
Percentile par nombre de réponses
Votre historique - résultats
Vous n’avez pas pris ce quiz